000
00208 a2200097 4500
020
_a
9780765280503
041
_a
spa
100
_a
Greenlaw linda
245
_a
Una capitana de barco de pez espada
942
_c
BK
999
_c
10808
_d
10808